Schedule of Rates (Record no. 550571)

000 -LEADER
fixed length control field 00283nam a22001097a 4500
082 ## - DEWEY DECIMAL CLASSIFICATION NUMBER
Classification number 624.1042
Author Mark MES
-- L-39, P-126
245 ## - TITLE STATEMENT
Title Schedule of Rates
Statement of responsibility, etc. MES
260 ## - PUBLICATION, DISTRIBUTION, ETC.
Place of publication, distribution, etc. Rawalpindi
Date of publication, distribution, etc. c1993
300 ## - PHYSICAL DESCRIPTION
Extent ii, p-725
Other physical details ill
Dimensions 18cm
526 ## - STUDY PROGRAM INFORMATION NOTE
Program name 0
Interest level 0
Reading level 0
Title point value 624_104200000000000_MES
942 ## - ADDED ENTRY ELEMENTS (KOHA)
Source of classification or shelving scheme
Koha item type Book
Holdings
Withdrawn status Lost status Source of classification or shelving scheme Damaged status Not for loan Permanent Location Current Location Date acquired Total Checkouts Full call number Barcode Date last seen Price effective from Koha item type
          Military College of Engineering (MCE) Military College of Engineering (MCE) 11/14/2014   624.1042 MES MCE-41794 11/14/2014 11/14/2014 Book
© 2023 Central Library, National University of Sciences and Technology. All Rights Reserved.